Statistics for U.S. States with no Repeating Letters

Click here to take the quiz!

General Stats

  • This quiz has been taken 101 times
  • The average score is 8 of 9

Answer Stats

Answer% Correct
Iowa
95%
Texas
94%
Florida
93%
Idaho
93%
Maine
93%
Utah
92%
Vermont
90%
Wyoming
85%
New York
79%

Score Distribution

Percentile by Number Answered

Percent of People with Each Score

Your Score History

You have not taken this quiz